Retrouvez les pays les moins visités au monde - Statistiques

Statistiques générales
  • Ce quiz a été pris 128 fois
  • Le résultat moyen est 5 sur 10
Statistiques - réponses
Classement Pays Localisation % Correct
3 Tuvalu Pays d'Océanie
72%
1 Nauru Pays d'Océanie
67%
2 Somalie Pays d'Afrique
64%
4 Îles Marshall Pays d'Océanie
63%
7 Kiribati Pays d'Océanie
54%
5 Soudan du Sud Pays d'Afrique
50%
8 Libye Pays d'Afrique
40%
9 Guinée-Bissau Pays d'Afrique
38%
6 Guinée équatoriale Pays d'Afrique
37%
10 Turkménistan Pays d'Asie
29%
Aucun quiz correspondant
Distribution des résultats
% des personnes avec chaque résultat
Percentile par nombre de réponses
Votre historique - résultats
Vous n’avez pas pris ce quiz